Catálogo
 En Linea

América Latina en busca de una identidad : (Registro nro. 31863)

Detalles MARC
000 -CABECERA
campo de control de longitud fija 00763nam a2200205 a 4500
001 - NÚMERO DE CONTROL
campo de control 000032372
005 - FECHA Y HORA DE LA ÚLTIMA TRANSACCIÓN
campo de control 20200930065615.0
008 - DATOS DE LONGITUD FIJA--INFORMACIÓN GENERAL
campo de control de longitud fija 110714s1969 ve 000 0 spa d
040 ## - FUENTE DE LA CATALOGACIÓN
Centro catalogador/agencia de origen DO-SdBNP
Lengua de catalogación spa
Centro/agencia transcriptor BNPHU
082 ## - NÚMERO DE LA CLASIFICACIÓN DECIMAL DEWEY
Número de clasificación xxxx
Número de documento/Ítem S775a
049 ## - FONDOS LOCALES (OCLC)
Fondos de biblioteca BNPD
100 1# - ENTRADA PRINCIPAL--NOMBRE DE PERSONA
Nombre de persona Stabb, Martin S.
9 (RLIN) 58359
240 #0 - TÍTULO UNIFORME
Título uniforme In quest of identity
245 10 - MENCIÓN DE TÍTULO
Título América Latina en busca de una identidad :
Resto del título modelos del ensayo ideológico hispanoamericano, 1990-1960 /
Mención de responsabilidad, etc. Martin S. Stabb; traductor Mario Giacchino.
260 ## - PUBLICACIÓN, DISTRIBUCIÓN, ETC.
Lugar de publicación, distribución, etc. Venezuela :
Nombre del editor, distribuidor, etc. Monte Avila Editores,
Fecha de publicación, distribución, etc. 1969.
300 ## - DESCRIPCIÓN FÍSICA
Extensión 347 p. ;
Dimensiones 19 p.
504 ## - NOTA DE BIBLIOGRAFÍA, ETC.
Nota de bibliografía, etc. Bibliografía : p. 331-347
534 ## - NOTA SOBRE LA VERSIÓN ORIGINAL
Frase introductoria Publicado originalmente :
Publicación, distribución, etc. del original Nort Carolina : The University of Carolina Press, 1967.
546 ## - NOTA DE LENGUA/LENGUAJE
Nota de lengua/lenguaje Texto original en inglés
Existencias
Estado de retiro Estado de pérdida Restricciones de uso No para préstamo Código de colección Localización permanente Ubicación/localización actual Ubicación en estantería Fecha de adquisición Número de inventario Total de préstamos Signatura topográfica completa Código de barras Fecha visto por última vez Precio válido a partir de Tipo de ítem Koha
      Excluido de préstamo Monografías: Libros y Folletos General General En catalogación 14.07.2011 LF1   xxxx S775a 32372-10 25.06.2020 25.06.2020 No se presta

Con tecnología Koha